000 00886nam a2200289Ia 4500
008 160303s9999 xx 000 0 und d
020 _a971-691-313-3
050 _aFIL KPM 988
050 _b.H47 2004
100 _aHernandez, Eduardo F.
245 _aLandowners' rights under the agrarian reform program /
245 _cEduardo F. Hernandez, Gil Marie M. Alba, Adriano Montinola Hernandez.
250 _a2nd Edition
260 _aQuezon City:
260 _bCentral Professional Books, Inc.,
260 _c2004
300 _a545 pages :
300 _billustrations ;
300 _c23 cm.
500 _aIncludes index.
650 _aLand reform --
650 _aLand tenure --
650 _aLandowners --
650 _xLaw and legislation -- Philippines.
650 _xLaw and legislation -- Philippines.
650 _xLegal status, laws, etc. -- Philippines.
999 _c291337
_d291337